Easy Chinese practice - Statistics

General Stats
  • This quiz has been taken 4 times
  • The average score is 20 of 24
Answer Stats
Answer % Correct
a
100%
ba
100%
chi
100%
dao
100%
hao
100%
kai
100%
kan
100%
liu
100%
mao
100%
na
100%
ni
100%
niu
100%
shi
100%
shou
100%
yi
100%
zai
100%
zhi
100%
cang
50%
deng
50%
liang
50%
pai
50%
使 shi
50%
shu
50%
hua
0%
No matching quizzes found
Score Distribution
Percent of People with Each Score
Percentile by Number Answered
Your Score History
You have not taken this quiz